000 00749nam a2200217 a 4500
001 58227
003 BD-RjUL
005 20211209080611.0
008 161217s1960 nyu | 001 0 eng
035 _a(BD-RjUL)58351
040 _aDLC
_cOCU
_dOCoLC
_dCSdC-L
_dPPiU
_dBD-RjUL
_beng
041 _aeng
082 _a320.473
_223
_bSCS 1960
100 1 _aSchattschneider, E. E.
_q(Elmer Eric),
_d1892-1971.
_9172964
245 1 4 _aThe semisovereign people :
_ba realist's view of democracy in America /
_cby E. E. Schattschneider.
260 _aNew York :
_bHolt, Rinehart and Winston,
_cc1960.
300 _aviii, 147 p. ;
_c22 cm.
500 _aIncludes index.
651 0 _aUnited States
_xPolitics and government
_y20th century.
_9172683
942 _2ddc
_cBK
999 _c58227
_d58227